000
00339nam a2200133Ia 4500
008
240624s9999 xx 000 0 und d
041
_a
eng
082
_a
025.431 DEW
100
_a
DEWEY MELVIL
245
_a
DEWEY DECIMAL CLASSIFICATION AND RELATIVE INDEX M
250
_a
(22nd ed.)
260
_c
2003
_a
Ohio
_b
OCLC
300
_a
lxxvii, : 730
999
_c
1320
_d
1320